000 01369cam a2200397 a 4500
001 22587
003 SK-KTurca
005 20260401142847.0
008 240314s2010 xo g 000 f slo
015 _aSNBA2010/04-01969
020 _a9788055120775
_q(viaz.)
035 _a00A82ED7-FDDD-41F1-824F-9AA65F221D19
035 _aurn:nbn:sk:snk-amk1ov
035 _aurn:nbn:sk:snk-am0085zg
040 _aSVKBB
_bslo
_cSVKBB
_dSNK
_eAACR2
041 1 _aslo
_heng
044 _axo
_cSK
072 7 _a821.111-3
_xAnglická próza, anglicky písaná
_2konspekt
072 7 _a821-93
_xLiteratúra pre deti a mládež
_2konspekt
080 _a821.111-31
_22001
080 _a(0:82-312.4)
_22001
080 _a821-93
_22001
100 1 _aBradley, Alan
_4aut
240 1 4 _aThe sweetness at the bottom of the pie
_lSlovensky
245 1 0 _aTo najsladšie na koniec
_bprípad Flávie de Luce
_cAlan Bradley ; [z anglického originálu preložila Oľga Ruppeldtová-Andrášová]
260 _aBratislava
_bIkar
_c2010
300 _a301 s.
_c21 cm
655 7 _adetektívne romány
_2SNKPH
655 7 _aanglické romány
_2SNKPH
655 7 _apublikácie pre mládež
_2SNKPH
700 1 _aRuppeldtová-Andrášová, Oľga,
_d1955-
_4trl
942 _2ddc
_cKLDE
_n0
980 _a821.111-31
980 _a821-93
999 _c22587
_d22587